Letterpress book of C. Slack, (Record no. 43592)
[ view plain ]
| 000 -LEADER | |
|---|---|
| fixed length control field | 00996cpcaa2200289 a 4500 |
| 001 - CONTROL NUMBER | |
| control field | mm 82040212 |
| 003 - CONTROL NUMBER IDENTIFIER | |
| control field | DLC |
| 005 - DATE AND TIME OF LATEST TRANSACTION | |
| control field | 20260227111714.0 |
| 008 - FIXED-LENGTH DATA ELEMENTS--GENERAL INFORMATION | |
| fixed length control field | 820525|||||||||||| eng |
| 010 ## - LIBRARY OF CONGRESS CONTROL NUMBER | |
| LC control number | mm 82040212 |
| 040 ## - CATALOGING SOURCE | |
| Original cataloging agency | DLC |
| Transcribing agency | DLC |
| Modifying agency | DLC |
| Description conventions | dacs |
| Modifying agency | DLC |
| 072 #7 - SUBJECT CATEGORY CODE | |
| Subject category code | N |
| Source | lcmd |
| 100 1# - MAIN ENTRY--PERSONAL NAME | |
| Personal name | Slack, C. |
| 245 00 - TITLE STATEMENT | |
| Title | Letterpress book of C. Slack, |
| Inclusive dates | 1846-1848. |
| 300 ## - PHYSICAL DESCRIPTION | |
| Extent | 1 |
| Type of unit | volume. |
| 300 ## - PHYSICAL DESCRIPTION | |
| Extent | 1 |
| Type of unit | container. |
| 300 ## - PHYSICAL DESCRIPTION | |
| Extent | 0.2 |
| Type of unit | linear feet. |
| 506 0# - RESTRICTIONS ON ACCESS NOTE | |
| Terms governing access | Open to research. |
| 545 0# - BIOGRAPHICAL OR HISTORICAL DATA | |
| Biographical or historical data | Railroad official. |
| 520 8# - SUMMARY, ETC. | |
| Summary, etc. | Letterpress book kept by Slack as an official of the Baltimore and Ohio Railroad at Cumberland, Md. |
| 546 ## - LANGUAGE NOTE | |
| Language note | Collection material in English. |
| 610 20 - SUBJECT ADDED ENTRY--CORPORATE NAME | |
| Corporate name or jurisdiction name as entry element | Baltimore and Ohio Railroad Company. |
| 650 #0 - SUBJECT ADDED ENTRY--TOPICAL TERM | |
| Topical term or geographic name entry element | Railroads |
| Geographic subdivision | Maryland |
| -- | Cumberland. |
| 656 #7 - INDEX TERM--OCCUPATION | |
| Occupation | Railroad officials. |
| Source of term | itoamc |
No items available.